[Event "Saarland-ch A 85th"]
[Site "Homburg"]
[Date "2010.04.02"]
[Round "8"]
[White "Reinstaedler, Georg"]
[Black "Aubertin, Tim"]
[Result "1-0"]
[WhiteElo "1624"]
[BlackElo "1987"]
[PlyCount "81"]
[EventDate "2010.03.28"]
[EventType "swiss"]
[EventRounds "9"]
[EventCountry "GER"]
[SourceTitle "EXT 2011"]
[Source "ChessBase"]
[SourceDate "2010.11.26"]
[SourceVersion "1"]
[SourceVersionDate "2010.11.26"]
[SourceQuality "1"]

1. e4 e5 2. Nf3 d6 3. d4 exd4 4. Nxd4 Nf6 5. Nc3 Be7 6. Be2 0-0 7. 0-0 Re8 8. Be3 Bf8 9. f3 Nbd7 10. Qd2 a6 11. a4 Nc5 12. b4 Ne6 13. b5 axb5 14. axb5 Bd7 15. Nb3 Qe7 16. Bf2 h6 17. Bh4 g5 18. Bf2 Nf4 19. Bc4 Bg7 20. Rae1 Nh3+ 21. gxh3 Bxh3 22. Nd5 Qd8 23. Be3 Bxf1 24. Rxf1 Qd7 25. Nxf6+ Bxf6 26. Bf2 h5 27. Bd4 Qe7 28. Bxf6 Qxf6 29. Rf2 Ra4 30. Bf1 Kh8 31. Qd5 b6 32. Rg2 Re5 33. Qd3 g4 34. fxg4 Raxe4 35. gxh5 Re1 36. Nd2 Rxh5 37. Qg3 Re8 38. Qg4 Rh7 39. Bd3 Rg7 40. Qh5+ Kg8 41. Qh7+ 1-0

[Event "Saarlouis op 3rd"]
[Site "Saarlouis"]
[Date "2000.05.28"]
[Round "2"]
[White "Reinstaedler, Georg"]
[Black "Schoenegg, Thomas"]
[Result "0-1"]
[WhiteElo "1613"]
[BlackElo "1892"]
[PlyCount "44"]
[EventDate "2000.05.27"]
[EventType "swiss"]
[EventRounds "9"]
[EventCountry "GER"]
[SourceTitle "EXT 2006"]
[Source "ChessBase"]
[SourceDate "2005.11.24"]
[SourceVersion "1"]
[SourceVersionDate "2005.11.24"]
[SourceQuality "1"]

1. e4 c6 2. d4 d5 3. e5 Bf5 4. Bd3 Bg6 5. e6 Qd6 6. exf7+ Bxf7 7. Nf3 Nd7 8. 0-0 0-0-0 9. c3 e5 10. dxe5 Nxe5 11. Nxe5 Qxe5 12. Qa4 Bd6 13. f4 Bc5+ 14. Kh1 Qh5 15. Qc2 Nh6 16. Rf3 Qh4 17. Bd2 Kb8 18. Bf5 Rde8 19. g3 Qh5 20. g4 Nxg4 21. Bxg4 Qxg4 22. Rf1 Re2 0-1